| 000 | 00452nam a2200181Ia 4500 | ||
|---|---|---|---|
| 001 | 15997 | ||
| 005 | 20260306170237.0 | ||
| 008 | 260306t2019||||xx |||||||||||||| ||und|| | ||
| 041 | _aESP | ||
| 082 |
_a346.52 _bE88A |
||
| 100 |
_aEspinoza Espinoza, Juan _eAUT |
||
| 245 | 0 | _aResponsabilidad civil por accidentes de tránsito | |
| 260 | _c2019 | ||
| 300 |
_a511 páginas : _c25 cm. |
||
| 650 | _aGEN | ||
| 654 | _aCDE | ||
| 942 |
_cLIB _dJUS _fJUS _2ddc _n |
||
| 999 |
_c15997 _d15997 |
||